00439nam a22001577a 450000500170000000800410001702000180005804100080007608200150008410000220009924500320012126000280015330000190018165000630020070000180026320260513142446.0260513b |||||||| |||| 00| 0 eng d a9781526424723 aEng a300.72 CHA aChandola, Tarani  aArchival and Secondary Data aLos AngelesbSagec2021 a169;. P. 23 cm aStatistical Methods; Social Sciences Research--Methodology aBooker, Cara